VC Andrews Books Quiz Stats

 Plays Quiz not verified by Sporcle

Also try: Literary Cakes
Challenge
Share
Tweet
Embed
Score 0/71 Timer 10:00
0 Plays Today
Year Published Title % Correct
1979Flowers in the Attic
82.5%
1980Petals on the Wind
70.5%
1985Heaven
67.5%
1981If There Be Thorns
66.9%
1984Seeds of Yesterday
65.1%
1990Dawn
63.9%
1994Ruby
63.3%
1986 Garden of Shadows
58.4%
1982**My Sweet Audrina
56%
1996Melody
50%
2000Rain
48.2%
1998Runaways
47%
1986Dark Angel
46.4%
1998Butterfly
44.6%
1989 Gates of Paradise
44%
1994Pearl in the Mist
44%
1999Jade
43.4%
1995All That Glitters
42.8%
1996Tarnished Gold
41.6%
1999Cat
41.6%
1998Crystal
41%
1998Brooke
40.4%
1991Secrets of the Morning
39.8%
1992Twilight's Child
39.8%
1998Raven
39.8%
1999Olivia
39.2%
1993Darkest Hour
38.6%
1990 Web of Dreams
38%
2002Willow
37.3%
1999Misty
36.1%
1988Fallen Hearts
34.9%
1997Heart Song
34.9%
1992Midnight Whispers
33.7%
1997Unfinished Symphony
32.5%
1999Star
32.5%
1995Hidden Jewel
31.9%
Year Published Title % Correct
2001Cinnamon
31.9%
2000Eye of the Storm
30.7%
1998Music in the Night
29.5%
2001Honey
28.9%
2002Twisted Roots
28.3%
2001Ice
27.7%
2004Celeste
27.7%
2001Rose
27.1%
1999Into the Garden
26.5%
2001The End of the Rainbow
25.9%
2000Lightning Strikes
25.3%
2004Black Cat
24.1%
2001Falling Stars
22.3%
2003Hidden Leaves
22.3%
2003Midnight Flight
22.3%
2002Wicked Forest
21.1%
2003Into the Woods
21.1%
2007Secrets in the Attic
21.1%
2003Broken Wings
20.5%
2003Dark Seed
19.9%
2005April Shadows
19.9%
2007 w/ DVDGathering Clouds
19.3%
2005Child of Darkness
18.7%
2008Secrets in the Shadows
16.9%
2006Broken Flower
16.3%
2008Delia's Crossing
16.3%
2008Delia's Heart
16.3%
2006Girl in the Shadows
16.3%
2007Scattered Leaves
15.7%
2009Heavenstone Secrets
15.7%
1972**Gods of Green Mountain
14.5%
2009Delia's Gift
13.9%
2010Secret Whispers
13.9%
2001*Cage of Love
10.8%
2001*The Little Psychic
9.6%

You're not logged in!

Compare scores with friends on all Sporcle quizzes.
OR
Log In

You Might Also Like...

Show Comments

Extras

Created Jan 4, 2010ReportNominate
Tags:Book Quiz, andrew, published

Top Quizzes Today


Score Distribution

Your Account Isn't Verified!

In order to create a playlist on Sporcle, you need to verify the email address you used during registration. Go to your Sporcle Settings to finish the process.

Report this User

Report this user for behavior that violates our Community Guidelines.

Details: